[Event "RUS-chT"]
[Site "Podolsk"]
[Date "1992.??.??"]
[Round "?"]
[White "Sakaev, Konstantin"]
[Black "Rublevsky, Sergei"]
[Result "1/2-1/2"]
[WhiteElo "2500"]
[BlackElo "2505"]

1.d4 d5 2.Nf3 Nf6 3.c4 c6 4.Nc3 a6 5.Qb3 e6 6.Bg5 b5 7.c5 Be7 8.Bxf6 Bxf6
9.e4 Nd7 10.Bd3 dxe4 11.Nxe4 O-O 12.O-O-O Be7 13.Ne5 Nxe5 14.dxe5 Qd4 15.Qc3 Qxc3+
16.bxc3 f6 17.exf6 gxf6 18.Bc2  1/2-1/2

[Event "RUS-chT"]
[Site "Podolsk"]
[Date "1992.??.??"]
[Round "?"]
[White "Terterians, Vladimir"]
[Black "Rublevsky, Sergei"]
[Result "1/2-1/2"]
[WhiteElo "2395"]
[BlackElo "2505"]

1.c4 e5 2.Nc3 Bb4 3.g3 Bxc3 4.bxc3 Nf6 5.Bg2 O-O 6.d3 Re8 7.e4 h6 8.Ne2 c6
9.Qb3 Na6 10.Ba3 b5 11.cxb5 Rb8 12.c4 cxb5 13.O-O b4 14.Bb2 d6 15.d4 exd4
16.Nxd4 Nc5 17.Qc2 Bd7 18.Rae1 Rc8 19.Ba1 Na4 20.Nf5 Bxf5 21.Qxa4 Nxe4 22.Qxb4 Qb6  1/2-1/2

[Event "Aalborg op"]
[Site "Aalborg"]
[Date "1993.??.??"]
[Round "1"]
[White "Archangelsky, Mikhail"]
[Black "Rublevsky, Sergei"]
[Result "0-1"]
[WhiteElo "2310"]
[BlackElo "2515"]

1.d4 d5 2.Nf3 Nf6 3.Bf4 c5 4.c3 Nc6 5.e3 Qb6 6.Qb3 c4 7.Qc2 Bf5 8.Qc1 e6
9.Nbd2 Be7 10.h3 O-O 11.Be2 Rfc8 12.O-O Qd8 13.Ne5 h6 14.Re1 Nxe5 15.Bxe5 b5
16.Bxf6 Bxf6 17.Bf3 Bd3 18.e4 b4 19.exd5 exd5 20.Nf1 bxc3 21.bxc3 Qa5 22.Ne3 Rd8
23.g3 Bg5 24.h4 Bxe3 25.Rxe3 Rab8 26.Qd2 Qa3 27.Rae1 Rb2 28.Re8+ Rxe8 29.Rxe8+ Kh7
30.Qf4 Qxa2 31.Bxd5 Qb1+ 32.Kh2 Qf1 33.Bg2 Rxf2  0-1

[Event "Aalborg op"]
[Site "Aalborg"]
[Date "1993.??.??"]
[Round "2"]
[White "Rublevsky, Sergei"]
[Black "Christiansen, Jens Jorgen"]
[Result "1-0"]
[WhiteElo "2515"]
[BlackElo "2270"]

1.e4 c6 2.d4 d5 3.Nd2 dxe4 4.Nxe4 Nd7 5.Bc4 Ngf6 6.Ng5 e6 7.Qe2 Nb6 8.Bd3 h6
9.N5f3 c5 10.dxc5 Bxc5 11.Bd2 O-O 12.O-O-O Qe7 13.Ne5 Nbd7 14.Ngf3 Nxe5 15.Nxe5 Bd6
16.g4 Bxe5 17.Qxe5 Nxg4 18.Qg3 e5 19.h3 e4 20.Be2 e3 21.Bc3 exf2 22.Bxg4 Bxg4
23.Qxg4 f6 24.Rd7 Qe3+ 25.Bd2  1-0

[Event "Aalborg op"]
[Site "Aalborg"]
[Date "1993.??.??"]
[Round "3"]
[White "Maksimenko, Andrei"]
[Black "Rublevsky, Sergei"]
[Result "1-0"]
[WhiteElo "2435"]
[BlackElo "2515"]

1.d4 d5 2.c4 dxc4 3.Nf3 Nf6 4.e3 e6 5.Bxc4 c5 6.O-O a6 7.dxc5 Qxd1 8.Rxd1 Bxc5
9.b3 Nbd7 10.Bb2 b6 11.Nc3 Bb7 12.Rac1 Rc8 13.Na4 Be7 14.Bxf6 Bxf6 15.Rxd7 Kxd7
16.Nxb6+ Ke7 17.Nxc8+ Rxc8 18.Ne1 Rd8 19.Nd3 a5 20.f3 e5 21.Bb5 Bd5 22.e4 Bg5
23.Rc2 Be6 24.Nxe5 Rd1+ 25.Kf2 Rh1 26.Nc6+ Kf6 27.Bd3 Bf4 28.h3 Bc7 29.e5+ Bxe5
30.Nxe5 Kxe5 31.Bf1 Kd4 32.Rc7 h5 33.Ra7 g5 34.Rxa5 g4 35.hxg4 hxg4 36.fxg4 Bxg4
37.Be2 Bc8 38.Bc4 Bd7 39.Ra7 Bg4 40.Rxf7  1-0

[Event "Aalborg op"]
[Site "Aalborg"]
[Date "1993.??.??"]
[Round "7"]
[White "Rublevsky, Sergei"]
[Black "Kupreichik, Viktor D"]
[Result "1-0"]
[WhiteElo "2515"]
[BlackElo "2560"]

1.e4 c5 2.Nf3 d6 3.d4 cxd4 4.Nxd4 Nf6 5.Nc3 Bd7 6.Be2 g6 7.O-O Bg7 8.Bg5 O-O
9.Qd2 Nc6 10.Nb3 a6 11.a4 Rc8 12.Rad1 Re8 13.Kh1 Be6 14.f4 Qb6 15.Nd5 Bxd5
16.exd5 Ne4 17.Qd3 Nxg5 18.dxc6 Ne6 19.f5 Nc7 20.fxg6 hxg6 21.Qf3 Rf8 22.cxb7 Rb8
23.Bc4 e6 24.a5 Qb4 25.Qc6 d5 26.Nc5 Qxc4 27.Qxc7 Bxb2 28.h3 Be5 29.Qb6 Bd4
30.Rxd4 Qxf1+ 31.Kh2 Qf2 32.Rb4 e5 33.Nxa6 d4 34.Rb5 Rxb7 35.Qxb7 Qxc2 36.Nb8 e4
37.a6 e3 38.a7 d3 39.a8=Q d2 40.Qa3 e2 41.Qbe7 Rc8 42.Qf3 Qa2 43.Rb3 Rf8
44.Nd7  1-0

[Event "Aalborg op"]
[Site "Aalborg"]
[Date "1993.??.??"]
[Round "9"]
[White "Rublevsky, Sergei"]
[Black "Nielsen, Peter Heine"]
[Result "1-0"]
[WhiteElo "2515"]
[BlackElo "2440"]

1.e4 e5 2.Nf3 Nf6 3.Nxe5 d6 4.Nf3 Nxe4 5.Nc3 Nxc3 6.dxc3 Be7 7.Be3 O-O 8.Qd2 Nc6
9.O-O-O Ne5 10.Nd4 a6 11.Be2 c5 12.Nf3 Be6 13.a3 Ng4 14.Rhe1 Nxe3 15.Qxe3 d5
16.Kb1 Re8 17.Bc4 Bd6 18.Bxd5 Bxd5 19.Qxe8+ Qxe8 20.Rxe8+ Rxe8 21.Rxd5 Re6
22.b4 Bf8 23.Kb2 Rg6 24.Ne5 Rxg2 25.Rd8 cxb4 26.axb4 g5 27.Nd7 Kg7 28.Rxf8 Rxh2
29.Rb8 Rxf2 30.Rxb7 g4 31.b5 axb5 32.Rxb5 h6 33.c4 f5 34.c5 g3 35.c6 g2 36.c7 g1=N
37.c8=Q  1-0

[Event "Cheliabinsk"]
[Site "Cheliabinsk"]
[Date "1993.??.??"]
[Round "?"]
[White "Gleizerov, Evgeny"]
[Black "Rublevsky, Sergei"]
[Result "1/2-1/2"]
[WhiteElo "2525"]
[BlackElo "2525"]

1.d4 d5 2.c4 dxc4 3.e3 Nf6 4.Bxc4 e6 5.Nf3 c5 6.Qe2 a6 7.dxc5 Bxc5 8.O-O b5
9.Bd3 Nc6 10.Nc3 Bb7 11.e4 Nd4 12.Nxd4 Bxd4 13.Bg5 b4 14.Nd1 O-O 15.Ne3 Qa5
16.Bxf6  1/2-1/2

[Event "Cheliabinsk"]
[Site "Cheliabinsk"]
[Date "1993.??.??"]
[Round "?"]
[White "Kaiumov, Dmitry D"]
[Black "Rublevsky, Sergei"]
[Result "0-1"]
[WhiteElo "2425"]
[BlackElo "2525"]

1.e4 c5 2.Nf3 e6 3.d4 cxd4 4.Nxd4 a6 5.Bd3 Nf6 6.O-O d6 7.c4 Bd7 8.Nc3 Nc6
9.Nxc6 Bxc6 10.Qe2 Be7 11.b4 b6 12.Bb2 O-O 13.f4 Nd7 14.Rad1 Rc8 15.Kh1 Bb7
16.a3 Qc7 17.e5 dxe5 18.fxe5 Rcd8 19.Nb1 a5 20.Bc3 Nb8 21.Nd2 axb4 22.axb4 Nc6
23.Bb1 Nd4 24.Qe3 Nf5 25.Bxf5 exf5 26.Rxf5 Qc6 27.Rf3 h6 28.Rg3 Bg5 29.Qe2 Qg6
30.Re1 Qc2 31.Nf1 Qxe2 32.Rxe2 Rd1 33.Kg1 Bf4 34.Rh3 Bc8 35.Rh4 g5 36.Rxh6 Be6
37.Re4 Ra8 38.Kf2 Ra2+ 39.Re2 Rxe2+ 40.Kxe2 Rc1 41.Be1 Bxc4+ 42.Kf2 Rc2+
43.Kg1 Bxe5 44.Rh3 Bd4+ 45.Ne3 f5  0-1

[Event "Cheliabinsk"]
[Site "Cheliabinsk"]
[Date "1993.??.??"]
[Round "?"]
[White "Kiselev, Sergey"]
[Black "Rublevsky, Sergei"]
[Result "1/2-1/2"]
[WhiteElo "2470"]
[BlackElo "2525"]

1.d4 d5 2.Nf3 Nf6 3.c4 c6 4.Nc3 dxc4 5.a4 Bg4 6.Ne5 Bh5 7.g3 e6 8.Bg2 Bb4
9.Nxc4 Nd5 10.Qd3 Be7 11.O-O O-O 12.e4 Nb4 13.Qd2 Nd7 14.b3 Qc7 15.Ba3 Nb6
16.Nd1 c5 17.d5 exd5 18.exd5 Nxc4 19.bxc4 Bf6 20.Bb2 Bxb2 21.Qxb2 Bg6 22.Ne3 Rfe8
23.Qd2 Qd6 24.Rfe1 Nc6 25.Nf1 Nd4 26.Rxe8+ Rxe8 27.Re1 f6 28.Rxe8+ Bxe8 29.a5 b5
30.axb6 Qxb6 31.Qe3 Kf8 32.Be4 h6 33.Nd2 a5 34.Nf3 Nxf3+ 35.Bxf3 a4 36.Kg2 Bd7
37.h4 Qd6 38.Qd3 Qe5 39.Qb1 a3 40.Qb7 Ke7 41.Qa7 Qd4 42.Qxa3 Qxc4 43.Qa7 g5
44.hxg5 hxg5 45.Kg1 Qc1+ 46.Kg2 Qc4 47.Kg1  1/2-1/2

[Event "Cheliabinsk"]
[Site "Cheliabinsk"]
[Date "1993.??.??"]
[Round "?"]
[White "Magomedov, Magaram"]
[Black "Rublevsky, Sergei"]
[Result "1/2-1/2"]
[WhiteElo "2435"]
[BlackElo "2525"]

1.e4 c5 2.Nf3 e6 3.d4 cxd4 4.Nxd4 a6 5.Bd3 Nf6 6.O-O d6 7.c4 Bd7 8.Nc3 Nc6
9.Nxc6 Bxc6 10.Qe2 Be7 11.Re1 O-O 12.Nd5 Bxd5 13.exd5 e5 14.Be3 Nd7 15.b4 f5
16.f4 Bf6 17.Rab1 exf4 18.Bxf4 Be5 19.Qf2 Qf6 20.Bd2 Bd4 21.Be3 Bxe3 22.Qxe3 Rae8
23.Qf2 Rxe1+ 24.Rxe1 Qc3 25.Re7 Ne5 26.Bf1 Qxb4 27.Qa7 Qd2 28.Rxb7 Qg5 29.Rb8 Nf3+
30.Kf2 Nxh2 31.Rxf8+ Kxf8 32.Be2 Qf4+ 33.Kg1 Ng4 34.Bxg4 fxg4 35.Qxa6 Ke7
36.Qc6 Qe3+ 37.Kf1 Qd3+ 38.Ke1 Qe4+ 39.Kd1 Qd4+ 40.Ke2 Qe5+ 41.Kd2 h5 42.a4 Kf6
43.a5 Qb2+ 44.Ke3 Qc3+ 45.Ke2 Ke5 46.Qc7 Qc2+ 47.Kf1 Qd3+ 48.Ke1 Qe4+ 49.Kf1 Qf4+
50.Ke2 Qe4+ 51.Kf1 Qd3+ 52.Ke1 Qe3+ 53.Kf1  1/2-1/2

[Event "Cheliabinsk"]
[Site "Cheliabinsk"]
[Date "1993.??.??"]
[Round "?"]
[White "Sherbakov, Ruslan"]
[Black "Rublevsky, Sergei"]
[Result "1/2-1/2"]
[WhiteElo "2580"]
[BlackElo "2525"]

1.d4 Nf6 2.c4 c5 3.d5 e6 4.Nc3 exd5 5.cxd5 d6 6.Nf3 g6 7.Bf4 a6 8.a4 Bg7
9.e4 O-O 10.Nd2 Qe7 11.Be2 Nbd7 12.O-O Rb8 13.Re1 Ne8 14.Bg3 h5 15.h3 h4
16.Bh2 g5 17.Nc4 Bd4  1/2-1/2

[Event "Cheliabinsk"]
[Site "Cheliabinsk"]
[Date "1993.??.??"]
[Round "?"]
[White "Rublevsky, Sergei"]
[Black "Vakhidov, Tahir"]
[Result "1/2-1/2"]
[WhiteElo "2525"]
[BlackElo "2470"]

1.e4 e6 2.d4 d5 3.exd5 exd5 4.Nf3 Bd6 5.c4 c6 6.cxd5 cxd5 7.Nc3 Ne7 8.Bd3 O-O
9.O-O Nbc6 10.h3 a6 11.a3 Bc7 12.Qc2 g6 13.Bh6 Re8 14.Rfe1 Qd6 15.Ne2 Bf5
16.Bf4 Qd8 17.Bxc7 Qxc7 18.Ng3 Bxd3 19.Qxd3 Qf4 20.Re3 Rec8 21.Rae1 Rc7 22.Qd2 Kf8
23.Ne2 Qh6 24.Nc3 Rd8  1/2-1/2

[Event "Cheliabinsk"]
[Site "Cheliabinsk"]
[Date "1993.??.??"]
[Round "?"]
[White "Rublevsky, Sergei"]
[Black "Ulibin, Mikhail"]
[Result "1/2-1/2"]
[WhiteElo "2525"]
[BlackElo "2560"]

1.d4 Nf6 2.c4 e6 3.Nc3 Bb4 4.Qc2 O-O 5.a3 Bxc3+ 6.Qxc3 b6 7.Bg5 Bb7 8.f3 h6
9.Bh4 d5 10.e3 Nbd7 11.cxd5 Nxd5 12.Bxd8 Nxc3 13.Bxc7 Nd5 14.Bd6 Nxe3 15.Kf2 Nc2
16.Rd1 Rfc8 17.Bb5 Nf6 18.Ne2 a6 19.Ba4 b5 20.Bb3 Bd5 21.Bxd5 Nxd5 22.Rd3 Rc6
23.Bc5 e5 24.Rc1 Nxd4 25.Bxd4 Rxc1 26.Nxc1 exd4 27.Rxd4 Nb6 28.Nd3 Nc4 29.a4 Kf8
30.b3 Na5 31.Nc5 Rc8  1/2-1/2

[Event "Cheliabinsk"]
[Site "Cheliabinsk"]
[Date "1993.??.??"]
[Round "?"]
[White "Rublevsky, Sergei"]
[Black "Temirbaev, Serik"]
[Result "1/2-1/2"]
[WhiteElo "2525"]
[BlackElo "2450"]

1.e4 g6 2.d4 Bg7 3.c3 d6 4.Nf3 Nf6 5.Bd3 O-O 6.O-O Bg4 7.Nbd2 c6 8.h3 Bxf3
9.Nxf3 Nbd7 10.Qc2 e5 11.dxe5 dxe5 12.Be3 Qe7 13.b4 a5 14.a3 Rfc8 15.Rfb1 axb4
16.axb4 Rxa1 17.Rxa1 c5 18.b5 Ne8 19.Nd2 Nd6 20.Nc4 Bf8 21.Ra7 Nxc4 22.Bxc4 Nb6
23.Bd5 Nxd5 24.exd5 c4 25.Qe4 Qd7 26.d6 Rb8 27.Qxc4 Qxd6 28.Qe4 f5 29.Qc4+ Kh8
30.f4 exf4 31.Bxf4 Qd1+ 32.Kh2 Bd6 33.Ra1 Qd2 34.Bxd6 Qxd6+ 35.Kh1 Rd8 36.Qf7 b6
37.Re1 Qd2 38.Qf6+ Kg8 39.Qe6+ Kh8 40.c4 Kg7 41.Qe7+ Kg8 42.c5 bxc5 43.b6 Rb8
44.Qe6+ Kg7 45.Qe7+ Kg8 46.Qe6+ Kf8 47.b7 Qd8 48.Qc6 Kg7 49.Rb1 Qe7 50.Qc8 Qd6
51.Rb6 Rxc8 52.Rxd6 Rb8 53.Rd7+ Kf6 54.Kg1 h5 55.Kf2 h4 56.Ke3 g5 57.Kd3 Ke6
58.Rg7 g4  1/2-1/2

[Event "Cheliabinsk"]
[Site "Cheliabinsk"]
[Date "1993.??.??"]
[Round "?"]
[White "Rublevsky, Sergei"]
[Black "Bashkov, Viacheslav"]
[Result "1-0"]
[WhiteElo "2525"]
[BlackElo "2430"]

1.e4 e6 2.d4 d5 3.exd5 exd5 4.Nf3 Nf6 5.Bd3 c5 6.O-O c4 7.Re1+ Be7 8.Bf1 O-O
9.Bg5 h6 10.Bh4 Bf5 11.Nc3 Nc6 12.Ne5 Re8 13.b3 g5 14.Bg3 Qa5 15.Re3 Nxd4
16.Nxc4 dxc4 17.Qxd4 Ng4 18.Rxe7 Rxe7 19.bxc4 Rd8 20.Nd5 Re4 21.Qb2 Rxd5
22.cxd5 Qxd5 23.c4 Qc5 24.Rd1 Qe7 25.f3  1-0

[Event "Kurgan"]
[Site "Kurgan"]
[Date "1993.??.??"]
[Round "?"]
[White "Rublevsky, Sergei"]
[Black "Magomedov, Magaram"]
[Result "1/2-1/2"]
[WhiteElo "2525"]
[BlackElo "2435"]

1.e4 e5 2.Nf3 Nc6 3.Nc3 Nf6 4.d4 exd4 5.Nxd4 Bb4 6.Nxc6 bxc6 7.Bd3 d5 8.exd5 Qe7+
9.Qe2 cxd5 10.Qxe7+ Kxe7 11.Bd2 c6 12.O-O-O Be6 13.Rhe1 Rhe8 14.h3 Kf8 15.Na4 Bd6
16.Be3 Nd7 17.Ba6 Rab8 18.c4 Bb4 19.Re2 dxc4 20.a3 Be7 21.Bf4 Bd5 22.Rc2 Rb3
23.Bxc4 Nf6 24.Bxb3 Bxb3 25.Nc3 Bc5 26.f3 Bxc2 27.Kxc2 Re6 28.Bg5 Bb6 29.Rd2 h6
30.Bxf6 Rxf6 31.Ne4 Re6 32.b4 Ke7 33.a4 f5 34.Nc3 Be3 35.Rd3 f4 36.Ne4 Rg6
37.g4 fxg3 38.Rxe3 g2 39.Ng3+ Kd7 40.Ne2 g1=Q 41.Nxg1 Rxg1 42.Re5 Rg3 43.Ra5 Rxf3
44.Rxa7+ Kd6 45.Rxg7 Rxh3 46.a5 Kd5 47.Kb2 Rh2+ 48.Kb3 Rh3+ 49.Ka4 Rh1 50.Rg2 Ra1+
51.Kb3 c5 52.bxc5  1/2-1/2

[Event "Kurgan"]
[Site "Kurgan"]
[Date "1993.??.??"]
[Round "?"]
[White "Rublevsky, Sergei"]
[Black "Asanov, Bolat"]
[Result "1-0"]
[WhiteElo "2525"]
[BlackElo "2385"]

1.e4 g6 2.d4 Bg7 3.c3 d6 4.Bg5 Nf6 5.Nd2 O-O 6.Ngf3 c5 7.dxc5 dxc5 8.Be2 h6
9.Be3 Qc7 10.h3 Nh5 11.e5 g5 12.g3 Nc6 13.Qc2 b6 14.O-O-O Be6 15.h4 g4 16.Ng5 hxg5
17.hxg5 Qxe5 18.Rxh5 Bf5 19.Bd3 Nb4 20.Bxf5 Nxc2 21.Bh7+ Kh8 22.Bf4  1-0

[Event "Kurgan"]
[Site "Kurgan"]
[Date "1993.??.??"]
[Round "?"]
[White "Rublevsky, Sergei"]
[Black "Bykhovsky, Avigdor"]
[Result "1-0"]
[WhiteElo "2525"]
[BlackElo "2470"]

1.e4 e6 2.d4 d5 3.exd5 exd5 4.Nf3 Nf6 5.Bd3 Bg4 6.O-O Be7 7.h3 Bh5 8.c3 Nbd7
9.Bf4 O-O 10.Nbd2 Bg6 11.Bxg6 hxg6 12.Qb3 Nb6 13.a4 a5 14.Rfe1 Bd6 15.Ne5 Nfd7
16.Ndf3 Re8 17.Qc2 Qf6 18.Bg3 Nf8 19.Qb3 Qf5 20.Qb5 Re6 21.b4 axb4 22.a5 bxc3
23.axb6 Rxa1 24.Rxa1 Bxe5 25.bxc7 Ra6 26.Rxa6 bxa6 27.Qc6 Bxc7 28.Qxc7 c2
29.Ne1 Ne6 30.Qc8+ Kh7 31.Qxc2 Nxd4 32.Qxf5 gxf5 33.Bc7 Nc6 34.Nd3 f6 35.Kf1 g5
36.g3 Kg6 37.Ke2 a5 38.Nc5 Ne5 39.Bxa5 g4 40.Ne6 gxh3 41.Nf4+ Kg5 42.Nxh3+ Kg4
43.Nf4  1-0

[Event "Kurgan"]
[Site "Kurgan"]
[Date "1993.??.??"]
[Round "?"]
[White "Rublevsky, Sergei"]
[Black "Chuprov, A."]
[Result "1-0"]
[WhiteElo "2525"]
[BlackElo "2405"]

1.e4 c5 2.Nf3 e6 3.c4 d6 4.d4 cxd4 5.Nxd4 Nf6 6.Nc3 Be7 7.g3 a6 8.Bg2 Qc7
9.b3 O-O 10.Bb2 Nc6 11.Nde2 Bd7 12.O-O Rab8 13.a4 Rfd8 14.h3 Na5 15.Ba3 Bf8
16.Rc1 Qb6 17.Rb1 Be8 18.Qc2 Qc7 19.Rfc1 Rbc8 20.Qa2 Qb8 21.Qd2 Nc6 22.Bb2 Qa7
23.Ba1 Nd7 24.Nd1 Nde5 25.Ne3 Qb8 26.b4 b6 27.f4 Nd7 28.b5 Na5 29.g4 Nc5
30.Qd1 axb5 31.axb5 Qc7 32.Kh2 Ra8 33.Bc3 Nab7 34.Ra1 Rxa1 35.Rxa1 Na5 36.Qc2 Ncb7
37.Bb2 Rc8 38.Rc1 Nxc4 39.Qa4 Nba5 40.Bd4 g6 41.g5 Bg7 42.Bxg7 Kxg7 43.Qa1+ e5
44.Nd5 Qc5 45.Qc3 Qf2 46.fxe5 dxe5 47.Qd3 Bxb5 48.Rf1 Nd2 49.Qxd2 Qxe2 50.Qb4 Rc5
51.Rf6 Nc6 52.Qb3 Rc2 53.Ne3  1-0

[Event "Kurgan"]
[Site "Kurgan"]
[Date "1993.??.??"]
[Round "?"]
[White "Rublevsky, Sergei"]
[Black "Vaulin, Alexander"]
[Result "1/2-1/2"]
[WhiteElo "2525"]
[BlackElo "2500"]

1.e4 c5 2.Nf3 d6 3.d4 cxd4 4.Nxd4 Nf6 5.Nc3 a6 6.Bc4 e6 7.Bb3 b5 8.O-O Be7
9.Qf3 Qc7 10.Qg3 O-O 11.Bh6 Ne8 12.Rad1 Bd7 13.Nf3 Nc6 14.Ne2 Ne5 15.Ned4 Nxf3+
16.Nxf3 Bc6 17.Rfe1 Qb7 18.Qg4 Kh8 19.Bg5 Bxg5 20.Nxg5 h6 21.Qh3 Qe7 22.Nf3 Qb7
23.Ng5 Qe7 24.Nf3 Qb7  1/2-1/2

[Event "Kurgan"]
[Site "Kurgan"]
[Date "1993.??.??"]
[Round "?"]
[White "Pugachov, Alexey"]
[Black "Rublevsky, Sergei"]
[Result "1/2-1/2"]
[WhiteElo "2470"]
[BlackElo "2525"]

1.d4 d5 2.c4 dxc4 3.Nf3 Nf6 4.Nc3 c6 5.e3 b5 6.a4 b4 7.Nb1 Ba6 8.Be2 c5 9.Nbd2 c3
10.bxc3 bxc3 11.Nc4 e6 12.Ba3 Nbd7 13.O-O cxd4 14.Bxf8 Kxf8 15.Qxd4 Nb6 16.Qxc3 Nfd5
17.Qb3 Nxc4 18.Bxc4 Bxc4 19.Qxc4 Rc8 20.Qa6 Rc7 21.Rfd1 Qe7 22.Nd4 g6 23.Nb5 Rb7
24.e4 Nf6 25.Rd8+ Kg7 26.Rxh8 Kxh8 27.Nd6 Rb6 28.Qc8+ Kg7 29.e5 Nd5 30.a5 Rb4
31.a6 h5 32.g3 h4 33.Qe8 Qxe8 34.Nxe8+ Kf8 35.Nd6 h3 36.Nc8 Rb8 37.Nxa7 Nb4
38.f4 Rb6 39.Nc8 Rxa6 40.Rxa6 Nxa6 41.Nd6 Nc5 42.Kf2 g5 43.Kf3 gxf4 44.gxf4 Kg7
45.Kg4 Nd3 46.Kg5 Ne1 47.Kg4 Nd3 48.Ne4 Kg6 49.Ng5 f6 50.Nf3 Nf2+ 51.Kg3 Ne4+
52.Kxh3 Kf5 53.exf6 Nxf6 54.Nd4+ Kxf4 55.Nxe6+  1/2-1/2

[Event "Paris-ch"]
[Site "Paris"]
[Date "1993.??.??"]
[Round "1"]
[White "Giaccomazzi, Dominique"]
[Black "Rublevsky, Sergei"]
[Result "1/2-1/2"]
[WhiteElo "2245"]
[BlackElo "2515"]

1.d4 d5 2.c4 dxc4 3.Nf3 Nf6 4.e3 e6 5.Bxc4 c5 6.O-O a6 7.dxc5 Bxc5 8.Qxd8+ Kxd8
9.Nc3 Nbd7 10.Ng5 Ke7 11.Nge4 Nxe4 12.Nxe4 Bb4 13.a3 Ba5 14.b4 Bc7 15.a4 Nf6
16.Nxf6 gxf6 17.b5 Rd8 18.Ba3+ Bd6 19.bxa6 bxa6 20.Bxd6+ Rxd6 21.Rfb1 a5
22.g3 Rd2 23.Kf1 Ra7 24.Ke1 Rd6 25.Rb8 Rc7 26.Bb5 Rd8 27.Rd1 Rxd1+ 28.Kxd1 Bb7
29.Re8+ Kd6 30.Rd8+ Ke7 31.Re8+ Kd6 32.Rd8+  1/2-1/2

[Event "Paris-ch"]
[Site "Paris"]
[Date "1993.??.??"]
[Round "3"]
[White "Elbilia, Jacques"]
[Black "Rublevsky, Sergei"]
[Result "0-1"]
[WhiteElo "2310"]
[BlackElo "2515"]

1.Nf3 d5 2.e3 Nf6 3.b3 Bf5 4.Bb2 e6 5.Be2 h6 6.c4 c6 7.Nc3 Nbd7 8.cxd5 exd5
9.Nd4 Bh7 10.g4 Ne5 11.d3 Nfxg4 12.Rg1 Nf6 13.Qc2 Qa5 14.f4 Ned7 15.O-O-O O-O-O
16.Kb1 Re8 17.Rg3 Kb8 18.Qd2 Rg8 19.h4 Bc5 20.Rdg1 Bg6 21.Nc2 Qd8 22.Na4 Bd6
23.b4 Qe7 24.Bd4 Bxf4 25.exf4 Qxe2 26.Qc3 Nh5 27.Re1 Nxg3 28.Rxe2 Nxe2 29.Qd2 Nxd4
30.Nxd4 Bh5 31.Qc3 Bd1 32.Nb2 Bg4 33.Na4 Bd1 34.Nc5 Nxc5 35.Qxc5 Ba4 36.Qd6+ Ka8
37.Qd7 c5 38.Qxa4 cxd4 39.Qd7 Re2 40.b5 f6 41.f5 Rge8 42.a4 R2e7 43.Qd6 Re1+
44.Kb2 R1e2+ 45.Kb1 Rg2 46.Qb4 Rg1+  0-1

[Event "RUS-ch"]
[Site "Elista"]
[Date "1994.??.??"]
[Round "6"]
[White "Rublevsky, Sergei"]
[Black "Ionov, Sergey"]
[Result "1-0"]
[WhiteElo "2565"]
[BlackElo "2530"]

1.e4 c5 2.Nf3 Nc6 3.d4 cxd4 4.Nxd4 Nf6 5.Nc3 d6 6.Bc4 e6 7.Be3 a6 8.Bb3 Qc7
9.f4 Be7 10.Qf3 Nxd4 11.Bxd4 O-O 12.O-O-O b5 13.Bxf6 gxf6 14.Rd3 Kh8 15.Qh5 Rg8
16.Qxf7 Rg7 17.Qe8+ Rg8 18.Qh5 b4 19.Ne2 a5 20.Nd4 d5 21.exd5 a4 22.Bc4 b3
23.Rh3 Bc5 24.Bd3 f5 25.Nb5 Qxf4+ 26.Kb1 Rg7 27.Qe8+ Rg8 28.Qc6  1-0

[Event "RUS-ch"]
[Site "Elista"]
[Date "1994.??.??"]
[Round "8"]
[White "Rublevsky, Sergei"]
[Black "Svidler, Peter"]
[Result "1/2-1/2"]
[WhiteElo "2565"]
[BlackElo "2550"]

1.e4 d6 2.d4 Nf6 3.Nd2 e5 4.c3 Nbd7 5.Ngf3 g6 6.Be2 Bg7 7.O-O O-O 8.dxe5 dxe5
9.Qc2 a5 10.b3 b6 11.a4 Bb7 12.Ba3 Re8 13.Bc4 Nh5 14.Rfd1 h6 15.Bb5 Qc8 16.b4 Ba6
17.Bc6 Bb7 18.Bb5 Ba6 19.Bc6 Bb7 20.Bxb7 Qxb7 21.bxa5 bxa5 22.Qd3 Nhf6 23.Rab1 Qa6
24.Qxa6 Rxa6 25.Nb3 Rc6 26.Nxa5 Ra6 27.Nb3 Rxa4 28.Bb4 Rc8 29.Ra1 Rxa1 30.Nxa1 c5
31.Ba3 Nb6 32.Re1 Nc4 33.Nc2 Bf8 34.Bc1 Rd8 35.Kf1 Rd3 36.Ne3 Nxe3+ 37.Bxe3 Nxe4
38.Nxe5 Rd5 39.Nc6 Rd6 40.Bf4 Re6 41.Nd8 Re7 42.c4 Re8 43.Nc6 f5 44.f3 Nd6
45.Rxe8 Nxe8 46.Ke2 Kg7 47.Be3 Nc7 48.Kd3 Bd6 49.h3 Ne6 50.Na5 Bf4  1/2-1/2

[Event "RUS-ch"]
[Site "Elista"]
[Date "1994.??.??"]
[Round "9"]
[White "Sveshnikov, Evgeny"]
[Black "Rublevsky, Sergei"]
[Result "1/2-1/2"]
[WhiteElo "2585"]
[BlackElo "2565"]

1.e4 c5 2.c3 e6 3.d4 d5 4.e5 Nc6 5.Nf3 Bd7 6.Be2 Nge7 7.Na3 cxd4 8.cxd4 Nf5
9.Nc2 Nb4 10.O-O Nxc2 11.Qxc2 Qb6 12.Qd3 Rc8 13.a4 Bb4 14.h4 h6 15.h5 Ne7
16.Nd2 O-O 17.Nb3 f5 18.a5 Qd8 19.Bd2 Bxd2 20.Qxd2 b6 21.axb6 axb6 22.Qb4 f4
23.Rfc1 Rxc1+ 24.Rxc1 Nc6 25.Qd2 Qg5 26.Rc3 Ne7 27.Rc7 Be8 28.Qb4 Nf5 29.Qxb6 Bxh5
30.Qxe6+ Kh7 31.Bxh5 Qxh5 32.Rc3 Qe2 33.Qxd5 Ng3 34.fxg3 fxg3 35.Rxg3 Rf1+
36.Kh2 Qe1 37.Rxg7+ Kxg7 38.Qd7+ Kg6 39.Qe8+ Kg7 40.Qd7+ Kg6 41.Qg4+ Kh7
42.Qd7+ Kh8  1/2-1/2

[Event "RUS-ch"]
[Site "Elista"]
[Date "1994.??.??"]
[Round "10"]
[White "Rublevsky, Sergei"]
[Black "Kharitonov, Andrei Y"]
[Result "1/2-1/2"]
[WhiteElo "2565"]
[BlackElo "2535"]

1.e4 c6 2.d4 d5 3.Nd2 dxe4 4.Nxe4 Bf5 5.Nc5 Qc8 6.Nf3 Nd7 7.Nxd7 Bxd7 8.Ne5 Nf6
9.Bc4 Be6 10.Bxe6 Qxe6 11.O-O Qc8 12.c4 e6 13.Qf3 Be7 14.Qg3 O-O 15.Bh6 Ne8
16.Rad1 Qd8 17.Bf4 Nf6 18.Bh6 Ne8 19.Bf4  1/2-1/2

[Event "Kurgan"]
[Site "Kurgan"]
[Date "1994.??.??"]
[Round "1"]
[White "Rublevsky, Sergei"]
[Black "Pugachov, Alexey"]
[Result "1-0"]
[WhiteElo "2550"]
[BlackElo "2470"]

1.e4 c5 2.Nf3 e6 3.c4 Nc6 4.Nc3 Nge7 5.d4 cxd4 6.Nxd4 Nxd4 7.Qxd4 Nc6 8.Qe3 b6
9.Bd3 Ne5 10.Be2 Ba6 11.Qg3 Ng6 12.O-O Rc8 13.b3 Qh4 14.Qxh4 Nxh4 15.Be3 Bc5
16.Bxc5 Rxc5 17.f4 Ng6 18.e5 Ke7 19.Ne4 Rc7 20.Rad1 Rf8 21.Nd6 f6 22.Bh5 Rc5
23.Bxg6 hxg6 24.Rfe1 Rh8 25.Re3 g5 26.b4 Rc7 27.fxg5 fxe5 28.b5 Bb7 29.Rxe5 Ba8
30.Nf5+ Kf7 31.Nd6+ Ke7 32.Nf5+ Kf7 33.Ne3 Rf8 34.Rf1+ Kg8 35.g6 Rxf1+ 36.Kxf1 Kf8
37.h4 Ke7 38.Ke2 Rc5 39.Rxc5 bxc5 40.h5 Be4 41.a4 Kf6 42.Ng4+ Ke7 43.h6 gxh6
44.g7 Kf7 45.g8=Q+  1-0

[Event "Kurgan"]
[Site "Kurgan"]
[Date "1994.??.??"]
[Round "3"]
[White "Rublevsky, Sergei"]
[Black "Obukhov, Alexander"]
[Result "1/2-1/2"]
[WhiteElo "2550"]
[BlackElo "2445"]

1.e4 e5 2.Nf3 Nc6 3.Nc3 Nf6 4.d4 exd4 5.Nxd4 Bb4 6.Nxc6 bxc6 7.Bd3 d5 8.exd5 cxd5
9.O-O O-O 10.Bg5 c6 11.Na4 Re8 12.c4 h6 13.Bh4 Rb8 14.Rc1 Bd6 15.b3 Bf4 16.Bg3 Bg4
17.Qc2 Bxg3 18.hxg3 d4 19.Qd2 Qd6 20.Rce1 c5 21.Qa5 Rec8 22.Nb2 Bd7  1/2-1/2

[Event "Kurgan"]
[Site "Kurgan"]
[Date "1994.??.??"]
[Round "4"]
[White "Kotsur, Pavel"]
[Black "Rublevsky, Sergei"]
[Result "0-1"]
[WhiteElo "2455"]
[BlackElo "2550"]

1.e4 c5 2.Nf3 e6 3.Nc3 a6 4.g3 b5 5.Bg2 Bb7 6.d3 d6 7.O-O Nd7 8.Qe2 Be7 9.a4 b4
10.Nd1 Ngf6 11.Ne1 Ne5 12.f4 Nc6 13.c3 d5 14.e5 Nd7 15.Nf3 Qc7 16.Be3 bxc3
17.bxc3 O-O 18.Bf2 Rfe8 19.h4 a5 20.c4 d4 21.g4 f6 22.Bg3 fxe5 23.fxe5 Nb4
24.Nf2 Rf8 25.Nh3 Rae8 26.Rf2 Nb6 27.Nfg5 Bxg2 28.Rxf8+ Rxf8 29.Qxg2 Qc6
30.Qxc6 Nxc6 31.Be1 Nxe5 32.Bxa5 Nbd7 33.Bc7 Nxd3 34.Nxe6 Ra8 35.Nhf4 Nb2
36.Nd5 Bxh4 37.a5 d3 38.Ne3 Ra6 39.Nf4 Bf6 40.Nfd5 Bd4 41.Rb1 d2 42.Kf1 Re6
43.Rxb2 Bxb2 44.Ke2 Be5 45.Bxe5 Nxe5 46.Nc7 Rc6 47.Ned5 Rh6  0-1

[Event "Kurgan"]
[Site "Kurgan"]
[Date "1994.??.??"]
[Round "5"]
[White "Rublevsky, Sergei"]
[Black "Pospelov, Evgeny"]
[Result "1-0"]
[WhiteElo "2550"]
[BlackElo "2385"]

1.e4 d6 2.d4 Nf6 3.Nd2 e5 4.c3 Nc6 5.Ngf3 g6 6.Be2 Bg7 7.O-O O-O 8.Re1 Bg4
9.dxe5 dxe5 10.Qc2 Nh5 11.Bf1 a5 12.b3 Nf4 13.h3 Be6 14.Ba3 Re8 15.Kh2 Qf6
16.g3 Nh5 17.Bg2 Bf8 18.Bxf8 Rxf8 19.Nf1 Rad8 20.Ne3 Rd7 21.a3 Qe7 22.b4 axb4
23.axb4 f6 24.Nd5 Qd8 25.Red1 Ne7 26.c4 c6 27.Ne3 Ng7 28.c5 Rxd1 29.Rxd1 Qc7
30.Qd3 Nc8 31.Nc4 b6 32.Bf1 bxc5 33.bxc5 Qe7 34.Qa3 Kh8 35.Qa5 g5 36.Be2 g4
37.hxg4 Bxg4 38.Ne3 Bxf3 39.Bxf3 Ne6 40.Bg4 Nd4 41.Nf5 Qd7 42.f3 h5 43.Bxh5 Ne7
44.Nxd4 exd4 45.Qd2 Kg7 46.Qxd4 Qa7 47.Kg2 Rh8 48.g4 Qa6 49.Qd7 Qe2+ 50.Kg3  1-0

[Event "Kurgan"]
[Site "Kurgan"]
[Date "1994.??.??"]
[Round "6"]
[White "Rublevsky, Sergei"]
[Black "Galdunts, Sergey"]
[Result "1/2-1/2"]
[WhiteElo "2550"]
[BlackElo "2420"]

1.e4 e5 2.Nf3 Nc6 3.Nc3 Nf6 4.d4 exd4 5.Nxd4 Bb4 6.Nxc6 bxc6 7.Bd3 d5 8.exd5 cxd5
9.O-O O-O 10.Bg5 Be6 11.Ne2 h6 12.Bh4 Bg4 13.c3 Bd6 14.Qc2 Re8 15.Rfe1 Be5
16.Bb5 Bd7 17.Bxd7 Qxd7 18.Rad1 Ne4 19.f3 Bf6 20.fxe4 Bxh4 21.g3 Qg4 22.exd5 Re4
23.Nd4 Rae8 24.Rxe4 Rxe4 25.Rf1 Bf6 26.Nf3 Re3 27.Kg2 Qc4 28.Rf2 Qxd5 29.Qd2 Rd3
30.Qf4 Bg5 31.Qxc7 Be3 32.c4 Qe4 33.Re2 Rd1 34.Rxe3 Qxe3 35.Qc8+ Kh7 36.Qf5+ Kg8
37.Qc8+ Kh7 38.Qf5+  1/2-1/2